| 000 | 01009nam a22003017a 4500 | ||
|---|---|---|---|
| 001 | 2316653 | ||
| 003 | OSt | ||
| 005 | 20210426061252.0 | ||
| 008 | 820916s1982 nyua 000 0beng | ||
| 010 | _a 81068381 | ||
| 020 | _a0670304549 | ||
| 040 |
_aDLC _cDLC _dDLC _beng |
||
| 041 | _aeng | ||
| 050 | 0 | 0 |
_aE807 _b.A783 1982b |
| 080 |
_a92 _bA-43 |
||
| 082 | 0 | 0 |
_a973.917/092/4 _aB _219 |
| 100 | 1 |
_aAlsop, Joseph, _d1910-1989. |
|
| 245 | 1 | 0 |
_aFDR, 1882-1945 : _ba centenary remembrance / _cJoseph Alsop ; picture sections compiled and written by Roland Gelatt ; photo research by Laurie Platt Winfrey. |
| 260 |
_aNew York _bThe Viking Press _c1982. |
||
| 300 |
_a256 p. _bill. _c29 cm. |
||
| 600 | 1 | 0 |
_aRoosevelt, Franklin D. _q(Franklin Delano), _d1882-1945. |
| 650 | 0 |
_aPresidents _zUnited States _vBiography. |
|
| 650 | 0 |
_aBiography _9237 |
|
| 653 | _aბიოგრაფია | ||
| 700 | 1 |
_aGelatt, Roland, _d1920-1986. |
|
| 906 |
_a7 _bcbc _corignew _d2 _eopcn _f19 _gy-gencatlg |
||
| 942 |
_2udc _cBK |
||
| 999 |
_c1485 _d1485 |
||